Honduras: un pueblo y una cultura en la encrucijada de su historia /

Salvato in:
Dettagli Bibliografici
Autore principale: Chávez Borjas, Manuel
Ente Autore: UNAM
Altri autori: Bermúdez, Diacuy Mesquita de
Natura: testo
Pubblicazione: Tegucigalpa: UNAM
Tags: Aggiungi Tag
Nessun Tag, puoi essere il primo ad aggiungerne!!

MARC

LEADER 00000 a a2200000 04500
001 22344
003
040
090 |a 152100  
100 |a Chávez Borjas, Manuel  
110 |a UNAM  
245 |a Honduras: un pueblo y una cultura en la encrucijada de su historia /  |c Manuel Chávez Borjas 
260 |a Tegucigalpa:   |b UNAM  
300 |a 27 p  
700 |a Bermúdez, Diacuy Mesquita de  
999 |c 13853  |d 13853